000 00660cam a22002053a 4500
001 44449
003 PGUSA
005 20140828084020.0
008 131216s2013||||xxu|||||s|||||000 | eng d
040 _aPGUSA
_beng
042 _adc
100 1 _aBucke, Charles
245 1 0 _aRuins of Ancient Cities (Vol. II of II) :
_bWith General and Particular Accounts of Their Rise, Fall, and Present Condition
_h[electronic resource] /
_cCharles Bucke
260 _bProject Gutenberg,
_c2013
506 _aPublic domain in the USA.
516 _aElectronic text
830 0 _aProject Gutenberg
_v44449
856 4 0 _uhttp://www.gutenberg.org/ebooks/44449
942 _cEB
999 _c273700
_d273700